100 Most Common First Names Worldwide - Statistics

General Stats
  • This quiz has been taken 157 times
  • The average score is 25 of 100
Answer Stats
Name % Correct
John
89%
Mohammad
84%
Muhammad
84%
James
67%
Jose
67%
Marie
67%
Mary
67%
Li
64%
Thomas
61%
William
61%
Paul
59%
Maria
58%
Mohammed
58%
Michael
57%
Peter
57%
David
54%
George
54%
Joseph
53%
Mark
50%
Ana
46%
Anna
46%
Aleksandr
45%
Ali
45%
Juan
45%
Robert
45%
Elizabeth
44%
Jean
43%
Charles
42%
Sarah
42%
Bin
39%
Daniel
39%
Richard
34%
Samuel
34%
Carlos
32%
Victor
30%
Min
28%
Lin
27%
Martin
23%
Pedro
23%
Ahmad
22%
Ahmed
22%
Patrick
22%
Antonio
21%
Jorge
19%
Laura
19%
Andrea
18%
Mario
18%
Abdul
17%
Fatima
17%
Luis
17%
Vladimir
17%
Francisco
15%
Angela
14%
Manuel
14%
Miguel
14%
Mohamed
14%
Rosa
14%
Martha
13%
Yu
13%
Roberto
12%
Barbara
11%
Christine
11%
Hassan
11%
Patricia
10%
Xin
10%
Ram
9%
Elena
8%
Ibrahim
8%
Ling
8%
Yan
8%
Carmen
7%
Olga
7%
Emmanuel
6%
Anita
5%
Joao
5%
Lei
5%
Linda
5%
Ming
5%
Rita
5%
Sandra
5%
Ying
5%
Yong
5%
Hong
4%
Marina
4%
Ping
4%
Sergey
3%
Wei
3%
Andrey
2%
Ghulam
2%
Hui
2%
Irina
2%
Natalya
2%
Nushi
2%
Qing
2%
Siti
2%
Sri
2%
Sunita
2%
Svetlana
2%
Tatyana
2%
Peng
1%
No matching quizzes found
Score Distribution
Percent of People with Each Score
Percentile by Number Answered
Your Score History
You have not taken this quiz